[Event "Hastings Masters"]
[Site "Hastings"]
[Date "2007.01.03"]
[Round "7.19"]
[White "Houska, Jovanka"]
[Black "Griffiths, Ryan Rhys"]
[Result "1-0"]
[WhiteElo "2364"]
[BlackElo "2104"]
[PlyCount "79"]
[EventDate "2006.12.28"]
[SourceDate "2006.12.28"]

1. e4 c5 2. Nc3 d6 3. g3 g6 4. d3 Bg7 5. Be3 e5 6. Qd2 Nc6 7. Bg2 Nge7 8. f4
Nd4 9. Nf3 O-O 10. O-O exf4 11. Bxf4 Nxf3+ 12. Rxf3 Be6 13. Bh6 Qb6 14. Bxg7
Kxg7 15. Rf2 h6 16. Kh1 Rad8 17. Rb1 d5 18. Na4 Qc6 19. Qc3+ d4 20. Qxc5 Qxa4
21. Qxe7 Qxa2 22. Rff1 Rd7 23. Qb4 Qa6 24. c4 Qd6 25. Qa5 b6 26. Qd2 b5 27. b3
b4 28. Ra1 Qc5 29. Ra6 Rd6 30. Ra4 Bd7 31. Qxb4 Qc7 32. Rxa7 Qxa7 33. Qxd6 Bg4
34. c5 Qa2 35. Qxd4+ Kh7 36. Qc3 Qe2 37. d4 f5 38. h3 Bh5 39. g4 fxg4 40. Rxf8
1-0

[Event "Hastings Masters"]
[Site "Hastings"]
[Date "2007.01.03"]
[Round "7.21"]
[White "Dickson, George"]
[Black "Rudd, Jack"]
[Result "0-1"]
[WhiteElo "2171"]
[BlackElo "2310"]
[PlyCount "132"]
[EventDate "2006.12.28"]
[SourceDate "2006.12.28"]

1. e4 c5 2. c3 d5 3. exd5 Qxd5 4. Nf3 Nf6 5. d4 Bg4 6. Be2 e6 7. O-O Nc6 8. Na3
cxd4 9. Nb5 Qd7 10. Nfxd4 Bxe2 11. Qxe2 a6 12. Nxc6 Qxc6 13. Nd4 Qc7 14. Rd1
Be7 15. g3 Rc8 16. Bf4 Qc4 17. Be5 O-O 18. Qf3 b5 19. Nb3 Rfd8 20. Na5 Qe4 21.
Qxe4 Nxe4 22. Nb7 Rd2 23. Rxd2 Nxd2 24. Bf4 Nc4 25. b3 Nb6 26. a4 bxa4 27. bxa4
Nd5 28. Bd6 Bf6 29. Rb1 Nxc3 30. Rb6 Nxa4 31. Rxa6 Nc3 32. Bc5 h6 33. Ra3 Rb8
34. Rb3 Ne4 35. Be3 Rc8 36. Kg2 Rc2 37. Rb4 Nc3 38. Rc4 Rb2 39. Rc8+ Kh7 40.
Nd6 Kg6 41. h4 Nd1 42. Kf3 Nxe3 43. fxe3 Rb3 44. Rc4 h5 45. g4 Bxh4 46. gxh5+
Kxh5 47. Nxf7 Rb5 48. Nd6 Re5 49. Re4 Rxe4 50. Nxe4 Be7 51. Nf2 Kg5 52. e4 Bd6
53. Ng4 Kh4 54. Nf2 Be5 55. Nd3 Bd4 56. e5 g5 57. Ke4 Bb6 58. Kf3 Kh3 59. Ke4
Ba7 60. Ne1 g4 61. Kf4 g3 62. Kf3 Kh2 63. Kg4 Bb8 64. Nf3+ Kg2 65. Nh4+ Kf2 66.
Nf3 g2 0-1

[Event "Hastings Masters"]
[Site "Hastings"]
[Date "2007.01.03"]
[Round "7.22"]
[White "Kulago, Alexander"]
[Black "Rayner, Francis"]
[Result "1/2-1/2"]
[WhiteElo "2114"]
[BlackElo "2247"]
[PlyCount "31"]
[EventDate "2006.12.28"]
[SourceDate "2006.12.28"]

1. Nf3 c5 2. c4 Nf6 3. Nc3 Nc6 4. d4 cxd4 5. Nxd4 e6 6. Ndb5 d6 7. Bf4 e5 8.
Bg5 a6 9. Na3 Be7 10. g3 Be6 11. Bg2 O-O 12. O-O Rb8 13. Qa4 Bd7 14. Qd1 Be6
15. Qa4 Bd7 16. Qd1 1/2-1/2

[Event "Hastings Masters"]
[Site "Hastings"]
[Date "2007.01.03"]
[Round "7.23"]
[White "Kwiatkowski, Feliks"]
[Black "Donovan, Nigel"]
[Result "1-0"]
[WhiteElo "2226"]
[BlackElo "2119"]
[PlyCount "77"]
[EventDate "2006.12.28"]
[SourceDate "2006.12.28"]

1. e4 c5 2. Nf3 d6 3. d4 cxd4 4. Nxd4 Nf6 5. Nc3 e6 6. Be2 Be7 7. O-O O-O 8. f4
a6 9. Kh1 Qc7 10. a4 Nc6 11. Be3 Rd8 12. Qe1 Nxd4 13. Bxd4 e5 14. Bg1 exf4 15.
a5 Re8 16. Bb6 Qb8 17. Qd2 Be6 18. Qxf4 Nd7 19. Nd5 Bxd5 20. exd5 Bf6 21. Bd3
Nxb6 22. axb6 Re5 {(=)} 23. c4 Qd8 24. Qf2 Qe7 25. b4 Re3 26. Rae1 Bd4 27. Rxe3
Bxe3 28. Re1 Re8 29. Qc2 g6 30. c5 Qh4 31. Qc3 Re5 32. g3 Qg4 33. Kg2 Bd4 34.
Qd2 Rxe1 35. Qxe1 dxc5 36. d6 Qd7 37. Qe7 Qc6+ 38. Be4 Qb5 39. Bd5 1-0

[Event "Hastings Masters"]
[Site "Hastings"]
[Date "2007.01.03"]
[Round "7.24"]
[White "Humphreys, Jerry"]
[Black "Jackson, Oliver"]
[Result "1-0"]
[WhiteElo "2106"]
[BlackElo "2225"]
[PlyCount "93"]
[EventDate "2006.12.28"]
[SourceDate "2006.12.28"]

1. e4 c5 2. Nf3 e6 3. d4 cxd4 4. Nxd4 a6 5. Nc3 Qc7 6. Bd3 Nf6 7. O-O b5 8. a3
Bb7 9. Re1 Nc6 10. Be3 Be7 11. Nxc6 Qxc6 12. Qf3 O-O 13. Qh3 d6 14. Bd4 e5 15.
Nd5 Rfe8 16. Be3 Bc8 17. Qh4 Nxd5 18. exd5 Bxh4 19. dxc6 Be6 20. a4 Bc4 21. Bf5
Be6 22. Bd3 b4 23. Bb6 d5 24. Ba5 e4 25. Bf1 Be7 26. Rad1 Rec8 27. c7 Bd6 28.
Rd2 Bxc7 29. Bxb4 Bf4 30. Rde2 Rc4 31. c3 a5 32. Be7 Rxa4 33. b3 Re8 34. bxa4
Rxe7 35. c4 f5 36. g3 Be5 37. cxd5 Bxd5 38. Rc1 Bb3 39. Rc5 Bxa4 40. Ra2 Bb3
41. Raxa5 Bd4 42. Rxf5 g6 43. Rfb5 Bc2 44. Ra2 Bd3 45. Bxd3 exd3 46. Rd5 Re4
47. Rd7 1-0

[Event "Hastings Masters"]
[Site "Hastings"]
[Date "2007.01.03"]
[Round "7.25"]
[White "Snape, Ian"]
[Black "Cohen, Ronnie"]
[Result "1/2-1/2"]
[WhiteElo "2217"]
[BlackElo "1841"]
[PlyCount "57"]
[EventDate "2006.12.28"]
[SourceDate "2006.12.28"]

1. c4 Nf6 2. Nc3 g6 3. g3 Bg7 4. Bg2 c5 5. Nf3 Nc6 6. d4 cxd4 7. Nxd4 O-O 8.
O-O Nxd4 9. Qxd4 d6 10. Qd3 Rb8 11. Bd2 Nd7 12. b3 Nc5 13. Qe3 a5 14. Rac1 Bd7
15. Rfd1 Bc6 16. Nd5 Bxd5 17. cxd5 b5 18. Bc3 Bxc3 19. Rxc3 Qd7 20. Bf3 Rfe8
21. g4 Qa7 22. Qh6 b4 23. Rc4 Nd7 24. g5 Rec8 25. Rdc1 Qb7 26. Qh3 Rxc4 27.
Rxc4 Rc8 28. Rc6 Rc7 29. Qh4 1/2-1/2

[Event "Hastings Masters"]
[Site "Hastings"]
[Date "2007.01.03"]
[Round "7.26"]
[White "Armstrong, Malcolm"]
[Black "Graf, Felix"]
[Result "1/2-1/2"]
[WhiteElo "2101"]
[BlackElo "2207"]
[PlyCount "87"]
[EventDate "2006.12.28"]
[SourceDate "2006.12.28"]

1. d4 Nf6 2. Nf3 e6 3. e3 b6 4. Bd3 Bb7 5. Nbd2 Be7 6. O-O c5 7. b3 O-O 8. Bb2
Nc6 9. c4 cxd4 10. Nxd4 Nxd4 11. Bxd4 Qc7 12. Rc1 Rac8 13. Re1 {(=)} e5 14. Bb2
d6 15. Qc2 g6 16. Ne4 Nd7 17. Nc3 f5 18. Qe2 Qb8 19. e4 Nc5 20. Bb1 Ne6 21.
exf5 gxf5 22. Bxf5 Rxf5 23. Qg4+ Ng7 24. Nd5 Bxd5 25. cxd5 Rcf8 26. f3 Bg5 27.
Rc6 Rc8 28. h4 Be7 29. h5 Rxc6 30. dxc6 Bg5 31. Qc4+ Rf7 32. Rd1 Qc7 33. Bxe5
Be3+ 34. Kf1 Nf5 35. Qg4+ Kf8 36. Qxf5 Rxf5 37. Bxd6+ Qxd6 38. Rxd6 Rf7 39.
Rd8+ Kg7 40. Ke2 Bf4 41. Kd3 Bc7 42. Ra8 a5 43. Kc4 Rf5 44. b4 1/2-1/2

[Event "Hastings Masters"]
[Site "Hastings"]
[Date "2007.01.03"]
[Round "7.27"]
[White "Fowler, Simon"]
[Black "Poobalasingam, Peter"]
[Result "1/2-1/2"]
[WhiteElo "2201"]
[BlackElo "2077"]
[PlyCount "78"]
[EventDate "2006.12.28"]
[SourceDate "2006.12.28"]

1. e4 c5 2. Nf3 d6 3. c3 Nf6 4. Qc2 Qc7 5. Bc4 Bd7 6. d4 b5 7. Bd3 cxd4 8. cxd4
Qxc2 {(=)} 9. Bxc2 Nc6 10. a3 Rc8 11. Bd3 Nxd4 12. Nc3 Nxf3+ 13. gxf3 a6 14.
Bg5 e6 15. Bxf6 gxf6 16. Rg1 Bh6 17. a4 b4 18. Ne2 a5 19. Nd4 Bf4 20. Nb3 Bxh2
21. Rh1 Be5 22. Ra2 f5 23. Rh5 Rg8 24. Rxh7 Rg1+ 25. Ke2 Ke7 26. Rh5 Rc7 27.
Rh7 Bc8 28. Rh3 Bb7 29. Kd2 Bf4+ 30. Ke2 Be5 31. Kd2 {(=)} Kf8 32. Ke3 fxe4 33.
fxe4 f5 34. Nxa5 Bxe4 35. Nc4 Bxd3 36. Kxd3 Rd1+ 37. Ke2 Rd5 38. b3 Bc3 39. Rh6
Kf7 1/2-1/2

[Event "Hastings Masters"]
[Site "Hastings"]
[Date "2007.01.03"]
[Round "7.28"]
[White "Foord, Dominic"]
[Black "Sugden, John"]
[Result "1-0"]
[WhiteElo "1894"]
[BlackElo "2158"]
[PlyCount "127"]
[EventDate "2006.12.28"]
[SourceDate "2006.12.28"]

1. d4 Nf6 2. Nf3 c5 3. c3 b6 4. dxc5 bxc5 5. e4 Nc6 6. e5 Ng4 7. Bc4 e6 8. Bf4
Qc7 9. Qe2 f6 10. Nh4 Ncxe5 11. Qxg4 Nxg4 12. Bxc7 Bb7 13. O-O d5 14. Be2 Nh6
15. Bg3 g5 16. Nf3 Nf5 17. Bd3 Ng7 18. Na3 e5 19. Nd2 c4 20. Be2 Bxa3 21. bxa3
Bc6 22. f3 Ne6 23. Rab1 Kd7 24. Bd1 Rab8 25. Bc2 h6 26. Bf2 a6 27. Bf5 Kd6 28.
Bxe6 Kxe6 29. Rxb8 Rxb8 30. Rb1 Rxb1+ 31. Nxb1 Kd6 32. Nd2 h5 33. h4 Ke6 34.
Kh2 Be8 35. Bb6 Kf5 36. Kg3 gxh4+ 37. Kxh4 Bg6 38. Nf1 Ke6 39. Ng3 Bb1 40. Nxh5
Bxa2 41. Bd8 d4 42. cxd4 c3 43. Ba5 exd4 44. Nf4+ Kd6 45. Bb4+ Ke5 46. Nd3+ Kd5
47. Bxc3 Kc4 48. Nb4 Bb1 49. Bd2 a5 50. Nc6 a4 51. Kg3 Bg6 52. Kf4 Be8 53. Na5+
Kd3 54. Bb4 Bd7 55. Nb7 Ke2 56. Nc5 Bc6 57. Ne4 Kf1 58. g4 Ke2 59. Nd2 Bd5 60.
Ne4 Bc6 61. Ng3+ Kf2 62. Bc5 Bxf3 63. Bxd4+ Kg2 64. Bxf6 1-0

[Event "Hastings Masters"]
[Site "Hastings"]
[Date "2007.01.03"]
[Round "7.29"]
[White "Webster, Richard J"]
[Black "Muter, Donny"]
[Result "0-1"]
[WhiteElo "1983"]
[BlackElo "2146"]
[PlyCount "88"]
[EventDate "2006.12.28"]
[SourceDate "2006.12.28"]

1. c4 e6 2. g3 d5 3. Bg2 Nf6 4. Nf3 Be7 5. O-O O-O 6. Qc2 c5 7. cxd5 Nxd5 8.
Nc3 Nb4 9. Qd1 N8c6 10. a3 Na6 11. d3 e5 12. Be3 Be6 13. Rc1 Rc8 14. Ne4 b6 15.
Qa4 Nab8 16. Nfg5 Bd7 17. f4 exf4 18. gxf4 Nd4 19. Qd1 Bg4 20. Nf3 Nbc6 21. Kh1
Re8 22. Qe1 f5 23. Nc3 Bf6 24. Qf2 Rc7 25. Nd5 Rd7 26. Nxf6+ Qxf6 27. b4 Rxe3
28. Qxe3 Re7 29. Qf2 Nxe2 30. Rce1 Nxf4 31. Rxe7 Nxe7 32. bxc5 Nxg2 33. Kxg2
bxc5 34. Qxc5 h6 35. Qxa7 Ng6 36. d4 Qe6 37. Ne5 Qa2+ 38. Rf2 Nh4+ 39. Kg1 Qb1+
40. Rf1 Qe4 41. Qb8+ Kh7 42. Qb2 Be2 43. Rf2 Ba6 44. Qd2 Qb1+ 0-1

[Event "Hastings Masters"]
[Site "Hastings"]
[Date "2007.01.03"]
[Round "7.30"]
[White "Mansson, James"]
[Black "Henrichsen, Jens"]
[Result "1-0"]
[WhiteElo "2120"]
[BlackElo "2089"]
[PlyCount "51"]
[EventDate "2006.12.28"]
[SourceDate "2006.12.28"]

1. Nf3 Nf6 2. c4 e6 3. Nc3 c5 4. g3 b6 5. Bg2 Bb7 6. O-O d6 7. Re1 Nbd7 8. e4
a6 9. d4 cxd4 10. Nxd4 Qc7 11. Be3 Rc8 12. Nd5 exd5 13. exd5 g6 14. Bg5+ Be7
15. Nc6 Bxc6 16. dxc6 Ne5 17. f4 O-O 18. fxe5 dxe5 19. Rf1 Bc5+ 20. Kh1 Nh5 21.
Qd7 Ng7 22. Bd5 Nf5 23. g4 Nd6 24. Be7 Rfe8 25. Bxd6 Bxd6 26. Bxf7+ 1-0

[Event "Hastings Masters"]
[Site "Hastings"]
[Date "2007.01.03"]
[Round "7.31"]
[White "Mulligan, Stephen"]
[Black "Pickersgill, Adrian"]
[Result "1/2-1/2"]
[WhiteElo "2199"]
[BlackElo "2093"]
[PlyCount "21"]
[EventDate "2006.12.28"]
[SourceDate "2006.12.28"]

1. d4 d5 2. c4 Nc6 3. Nc3 Nf6 4. Nf3 dxc4 5. d5 Na5 6. Qa4+ c6 7. dxc6 Nxc6 8.
e3 Bd7 9. Qxc4 Rc8 10. Qb3 Na5 11. Qd1 1/2-1/2

[Event "Hastings Masters"]
[Site "Hastings"]
[Date "2007.01.03"]
[Round "7.32"]
[White "Groffen, Hans"]
[Black "Gibson, Christopher"]
[Result "1-0"]
[WhiteElo "2180"]
[BlackElo "2056"]
[PlyCount "147"]
[EventDate "2006.12.28"]
[SourceDate "2006.12.28"]

1. d4 Nf6 2. c4 e6 3. Nf3 b6 4. g3 Ba6 5. Nbd2 d5 6. cxd5 exd5 7. Ne5 c6 8. Bg2
Bd6 9. Ndf3 Nfd7 10. Nd3 O-O 11. Bg5 Nf6 12. Rc1 Bb7 13. O-O Be7 14. Nfe5 Nfd7
15. Bxe7 Qxe7 16. Re1 c5 17. Nxd7 Nxd7 18. dxc5 Nxc5 19. Nf4 Rfd8 20. e3 Rd7
21. Re2 Rad8 22. Rd2 Ne4 23. Rd4 Nf6 24. Qa4 Ba8 25. Qc2 h6 26. h4 Bb7 27. Qa4
Ba8 28. Rcd1 Qc5 29. b4 Qc7 30. Qb3 Qe5 31. b5 Bb7 32. Nd3 Qe7 33. Nf4 Qe5 34.
Qa3 Ba8 35. Ne2 Qc7 36. Bh3 Re7 37. Rc1 Qb7 38. Qb4 Re4 39. Qc3 Re7 40. Nf4 Qb8
41. Qb3 Bb7 42. Rcd1 Qe5 43. a3 Ba8 44. a4 Bb7 45. Qb4 Qc7 46. Ne2 Ba8 47. Rc1
Qe5 48. Qb1 Bb7 49. Rc2 Qb8 50. Qc1 Ne4 51. Qe1 Qe5 52. Rd1 Nc5 53. Nd4 Ne6 54.
Rcd2 Nxd4 55. Rxd4 Qc7 56. Rc1 Qb8 57. Qd2 Re4 58. Rd1 Rde8 59. Bg2 R4e6 60.
Qc3 a6 61. bxa6 Bxa6 62. Rg4 Qe5 63. Qxe5 Rxe5 64. Rxd5 b5 65. a5 Rxd5 66. Bxd5
Re5 67. Rd4 Kf8 68. e4 Ke7 69. f4 Rh5 70. e5 f6 71. Bc6 fxe5 72. Rd7+ Ke6 73.
Ra7 Bc8 74. Bf3 1-0

[Event "Hastings Masters"]
[Site "Hastings"]
[Date "2007.01.03"]
[Round "7.33"]
[White "Lunn, Timothy"]
[Black "Hagesaether, Arne"]
[Result "1-0"]
[WhiteElo "2079"]
[BlackElo "2178"]
[PlyCount "95"]
[EventDate "2006.12.28"]
[SourceDate "2006.12.28"]

1. d4 d5 2. c4 c6 3. Nc3 Nf6 4. e3 g6 5. Nf3 Bg7 6. Be2 O-O 7. O-O Ne4 8. cxd5
Nxc3 9. bxc3 cxd5 10. Qb3 Nc6 11. Ba3 Rb8 12. Nd2 b5 13. Bf3 Be6 14. Bc5 Re8
15. a4 b4 16. cxb4 Nxb4 17. Bxb4 a5 18. Bxa5 Qxa5 19. Qa2 Red8 20. Rfc1 Rb4 21.
Nb3 Qa8 22. Nc5 Bc8 23. a5 e5 24. Nd3 Rb5 25. Nxe5 Rd6 26. Qa4 Ba6 27. Be2 Rb7
28. Bxa6 Rxa6 29. Rc5 Qb8 30. Qc2 Bf8 31. Rc8 Qd6 32. g3 Rb5 33. Rc6 Rxc6 34.
Qxc6 Qb4 35. a6 Qb2 36. Qc1 Qxc1+ 37. Rxc1 Ra5 38. Rc8 Kg7 39. Rc7 Rxa6 40.
Rxf7+ Kg8 41. Rd7 Rd6 42. Rxd6 Bxd6 43. h4 Kf8 44. Nd3 Ke7 45. Nf4 Bxf4 46.
exf4 Ke6 47. g4 h5 48. f3 1-0

[Event "Hastings Masters"]
[Site "Hastings"]
[Date "2007.01.03"]
[Round "7.34"]
[White "Vrban, Damir"]
[Black "Calvert, D Ian"]
[Result "1/2-1/2"]
[WhiteElo "2130"]
[BlackElo "2064"]
[PlyCount "37"]
[EventDate "2006.12.28"]
[SourceDate "2006.12.28"]

1. g3 d5 2. Bg2 Nf6 3. d3 g6 4. f4 Bg7 5. Nf3 c5 6. O-O O-O 7. c3 Nc6 8. Na3 b6
9. Qe1 Ba6 10. Bd2 Rc8 11. h3 d4 12. cxd4 Nxd4 13. Ne5 Nd5 14. Ng4 f5 15. Nf2
Nb4 16. Bxb4 cxb4 17. Qxb4 Nxe2+ 18. Kh2 Qd4 19. Qxe7 1/2-1/2

[Event "Hastings Masters"]
[Site "Hastings"]
[Date "2007.01.03"]
[Round "7.35"]
[White "Almond, Richard"]
[Black "Salimbeni, George"]
[Result "0-1"]
[WhiteElo "2124"]
[BlackElo "1624"]
[PlyCount "166"]
[EventDate "2006.12.28"]
[SourceDate "2006.12.28"]

1. d4 Nf6 2. c4 g6 3. Nf3 Bg7 4. g3 O-O 5. Bg2 d5 6. cxd5 Nxd5 7. O-O Nd7 8. e4
N5b6 9. Qc2 e5 10. d5 Nb8 11. Rd1 c6 12. Nc3 cxd5 13. Nxd5 Nxd5 14. Rxd5 Qe7
15. Bg5 f6 16. Rxe5 Qf7 17. Rc5 Na6 18. Be3 Nxc5 19. Bxc5 Rd8 20. b4 b6 21. Be3
Bb7 22. Re1 Rac8 23. Qb1 Qc4 24. e5 Qf7 25. exf6 Bxf6 26. Ng5 Bxg5 27. Bxg5 Re8
28. Rd1 Bxg2 29. Kxg2 Re5 30. h4 Rce8 31. a3 Re2 32. Bf4 Qb7+ 33. Kg1 Qe4 34.
Qb3+ Qe6 35. Qxe6+ R2xe6 36. Rd7 R6e7 37. Rd4 Re1+ 38. Kg2 Ra1 39. Rd3 Ra2 40.
Kf3 Kf7 41. Be3 Rc2 42. Kg4 Rc4+ 43. Bf4 Rcc8 44. h5 Rcd8 45. hxg6+ hxg6 46.
Rc3 Rd7 47. Kf3 Re1 48. Be3 Red1 49. Ke4 R1d6 50. a4 Re6+ 51. Kf3 Re5 52. g4
Rde7 53. Rc4 b5 54. Rc6 a5 55. axb5 axb4 56. b6 b3 57. Rc1 Rb5 58. Rb1 Re8 59.
Ke2 Rxb6 60. Kd3 Rb4 61. f4 Rd8+ 62. Kc3 Re4 63. Bb6 Rd6 64. Rxb3 Rxf4 65. Be3
Rxg4 66. Rb5 Rg3 67. Re5 Re6 68. Rxe6 Kxe6 69. Kd3 Kf5 70. Ke2 Ke4 71. Ba7 Rf3
72. Bf2 Rb3 73. Bh4 Rb2+ 74. Kf1 Kf3 75. Kg1 Rg2+ 76. Kh1 g5 77. Be1 Re2 78.
Bb4 g4 79. Bd6 g3 80. Bc5 Re1+ 81. Bg1 g2+ 82. Kh2 Rd1 83. Bb6 Rh1# 0-1

[Event "Hastings Masters"]
[Site "Hastings"]
[Date "2007.01.03"]
[Round "7.36"]
[White "Rice, Chris"]
[Black "Tucker, Andrew"]
[Result "1-0"]
[WhiteElo "2110"]
[BlackElo "1956"]
[PlyCount "53"]
[EventDate "2006.12.28"]
[SourceDate "2006.12.28"]

1. c4 e5 2. g3 Nf6 3. Bg2 d5 4. cxd5 Nxd5 5. Nf3 Nc6 6. O-O Nb6 7. d3 Be7 8. a3
O-O 9. b4 Be6 10. Bb2 f6 11. Nbd2 Qd7 12. Qc2 Bh3 13. Bxh3 Qxh3 14. b5 Nd8 15.
d4 Ne6 16. dxe5 f5 17. Qb3 f4 18. Nd4 Kf7 19. N2f3 Rae8 20. Rac1 Bd8 21. Nxe6
Rxe6 22. Nd4 Rfe8 23. Rfd1 fxg3 24. hxg3 Kf8 25. Nxe6+ Rxe6 26. Rxd8+ Ke7 27.
Rd4 1-0

[Event "Hastings Masters"]
[Site "Hastings"]
[Date "2007.01.03"]
[Round "7.37"]
[White "Reuben, Stewart"]
[Black "Chevannes, Sabrina"]
[Result "1-0"]
[WhiteElo "2146"]
[BlackElo "2093"]
[PlyCount "51"]
[EventDate "2006.12.28"]
[SourceDate "2006.12.28"]

1. c4 e6 2. Nc3 d5 3. d4 c6 4. e4 dxe4 5. Nxe4 Nf6 6. Nxf6+ Qxf6 7. Nf3 Qd8 8.
Bd3 Nd7 9. O-O Be7 10. Bf4 Nf6 11. Bc2 b6 12. Ne5 Bb7 13. Ba4 Rc8 14. Qf3 O-O
15. Bxc6 Bxc6 16. Nxc6 Rxc6 17. Qxc6 Qxd4 18. Be3 Qxb2 19. Rfd1 Qe2 20. Qc7 Bb4
21. Qxa7 Ne4 22. Qxb6 Nc3 23. Rd8 Qxc4 24. a4 Ne2+ 25. Kh1 Nc3 26. Rd4 1-0

[Event "Hastings Masters"]
[Site "Hastings"]
[Date "2007.01.03"]
[Round "7.38"]
[White "Thilaganathan, Jessica"]
[Black "Fryer, David"]
[Result "1-0"]
[WhiteElo "1871"]
[BlackElo "2101"]
[PlyCount "111"]
[EventDate "2006.12.28"]
[SourceDate "2006.12.28"]

1. d4 Nf6 2. Nf3 c5 3. d5 g6 4. c4 b5 5. cxb5 a6 6. bxa6 Bxa6 7. Nc3 Bg7 8. g3
O-O 9. Bg2 d6 10. Qc2 Qa5 11. Bd2 Nbd7 12. O-O Rfb8 13. Rab1 Ng4 14. b3 Nge5
15. Rfd1 Nxf3+ 16. Bxf3 Ne5 17. Bg2 c4 18. Na4 Qd8 19. Be3 cxb3 20. axb3 Rb7
21. Bd4 Rc8 22. Qd2 Rcb8 23. Qc2 Bb5 24. Nc3 Be8 25. h3 Rb4 26. e3 Qc8 27. Rdc1
Bd7 28. Qd1 Bf5 29. Na2 Qf8 30. Nxb4 Bxb1 31. Bxe5 Bxe5 32. Nc6 Bf5 33. Nxb8
Qxb8 34. e4 Bd7 35. Qc2 e6 36. Qc7 Qxc7 37. Rxc7 Bb5 38. dxe6 fxe6 39. Re7 Bd3
40. f4 Bd4+ 41. Kh2 Bc5 42. Rb7 h5 43. b4 Be3 44. h4 e5 45. Rd7 exf4 46. Rxd6
Be2 47. Rd8+ Kf7 48. Ra8 f3 49. Bxf3 Bxf3 50. Ra3 Bxe4 51. Rxe3 Bc6 52. Kg1 Kf6
53. Rc3 Bd7 54. Rc5 Ke7 55. Kf2 Kd6 56. Ke3 1-0

[Event "Hastings Masters"]
[Site "Hastings"]
[Date "2007.01.03"]
[Round "7.39"]
[White "Hutchinson, Norman"]
[Black "Cumming, Rhys"]
[Result "1-0"]
[WhiteElo "2097"]
[BlackElo "1552"]
[PlyCount "71"]
[EventDate "2006.12.28"]
[SourceDate "2006.12.28"]

1. e4 e5 2. Nf3 Nc6 3. Bb5 a6 4. Ba4 Nf6 5. O-O Be7 6. Bxc6 dxc6 7. d3 Nd7 8.
b3 O-O 9. Bb2 Bd6 10. Nbd2 Qe7 11. Nc4 Re8 12. Qe2 f6 13. Nh4 Nf8 14. Nf5 Bxf5
15. exf5 Rad8 16. Qe4 Nd7 17. Rfe1 Qf7 18. Re3 Nb6 19. Nxb6 cxb6 20. Rh3 Bc5
21. Re1 Bd4 22. c3 Bc5 23. Qh4 h6 24. Bc1 Bf8 25. Re4 Rd7 26. Rg4 Kh8 27. Rg6
e4 28. Bxh6 gxh6 29. Rxh6+ Bxh6 30. Qxh6+ Qh7 31. Qxf6+ Rg7 32. Rxh7+ Kxh7 33.
Qh4+ Kg8 34. dxe4 Rd7 35. h3 Rh7 36. Qf4 1-0

[Event "Hastings Masters"]
[Site "Hastings"]
[Date "2007.01.03"]
[Round "7.40"]
[White "Auckland, Elliott"]
[Black "Norinkeviciute, Rasa"]
[Result "1/2-1/2"]
[WhiteElo "1850"]
[BlackElo "2094"]
[PlyCount "67"]
[EventDate "2006.12.28"]
[SourceDate "2006.12.28"]

1. d4 g6 2. c4 Bg7 3. Nc3 d6 4. e4 e6 5. Be2 Ne7 6. Be3 f5 7. f3 Nd7 8. Qd2 h6
9. g4 a6 10. a4 g5 11. gxf5 exf5 12. f4 g4 13. O-O-O Nf6 14. e5 Ne4 15. Nxe4
fxe4 16. h3 h5 17. hxg4 hxg4 18. Rxh8+ Bxh8 19. Re1 Bf5 20. Bd1 Qd7 21. Ne2 d5
22. c5 O-O-O 23. Ng3 Rg8 24. Rg1 Be6 25. Qf2 Kb8 26. Rf1 Bf5 27. Rh1 Be6 28.
Rh5 Nf5 29. Nxf5 Bxf5 30. Bb3 c6 31. Bd1 Qf7 32. Qh4 Bg7 33. Qh1 Bf8 34. Rh8
1/2-1/2

[Event "Hastings Masters"]
[Site "Hastings"]
[Date "2007.01.03"]
[Round "7.41"]
[White "Haydon, David"]
[Black "Rety, John"]
[Result "1-0"]
[WhiteElo "2073"]
[BlackElo "1965"]
[PlyCount "45"]
[EventDate "2006.12.28"]
[SourceDate "2006.12.28"]

1. e4 d6 2. Nf3 Nf6 3. Nc3 c6 4. d4 Bg4 5. h3 Bh5 6. Be3 e6 7. Bd3 d5 8. g4 Bg6
9. e5 Nfd7 10. Ne2 Qa5+ 11. c3 Qc7 12. Bxg6 hxg6 13. Qd3 b5 14. Nf4 Nb6 15. Ng5
Rh6 16. Ngxe6 Qd7 17. Nxf8 Kxf8 18. e6 Qe7 19. exf7 Qe4 20. Qxe4 dxe4 21. Ne6+
Kxf7 22. Nc7 Rh8 23. Nxa8 1-0

[Event "Hastings Masters"]
[Site "Hastings"]
[Date "2007.01.03"]
[Round "7.42"]
[White "Kenyon, Scott"]
[Black "Wilson, Alexandra"]
[Result "0-1"]
[WhiteElo "1759"]
[BlackElo "2056"]
[PlyCount "58"]
[EventDate "2006.12.28"]
[SourceDate "2006.12.28"]

1. e4 e6 2. d4 d5 3. Nd2 Nf6 4. e5 Nfd7 5. f4 c5 6. c3 Nc6 7. Ndf3 a6 8. a3 b5
9. b4 cxd4 10. cxd4 Nb6 11. Ne2 Nc4 12. Ng3 a5 13. Bxc4 dxc4 14. bxa5 Qxa5+ 15.
Qd2 Bb4 16. axb4 Qxa1 17. O-O Qa2 18. Qe1 Qb3 19. Nh5 Ra2 20. f5 Qc2 21. Qg3
Rg8 22. Nxg7+ Kd7 23. fxe6+ fxe6 24. Nh4 Ne7 25. Bh6 Bb7 26. Qh3 Nf5 27. Ngxf5
Qxg2+ 28. Qxg2 Raxg2+ 29. Kh1 Rg1# 0-1

[Event "Hastings Masters"]
[Site "Hastings"]
[Date "2007.01.03"]
[Round "7.43"]
[White "Macrae, James"]
[Black "Jain, Akash"]
[Result "1-0"]
[WhiteElo "1759"]
[BlackElo "2036"]
[PlyCount "93"]
[EventDate "2006.12.28"]
[SourceDate "2006.12.28"]

1. d4 Nf6 2. Nf3 b5 3. e3 a6 4. Bd3 Bb7 5. Nbd2 e6 6. O-O c5 7. b3 Be7 8. Qe2
d6 9. Bb2 O-O 10. a4 b4 11. dxc5 dxc5 12. Nc4 Nbd7 13. Rfd1 Qc7 14. Rac1 Bd5
15. c3 Bxc4 16. Bxc4 bxc3 17. Rxc3 Qb7 18. Qc2 Nb6 19. Be2 Nfd5 20. Rxc5 Bxc5
21. Qxc5 Nd7 22. Qd4 N5f6 23. b4 Qb6 24. Qd6 Rfc8 25. Qd2 Nf8 26. b5 axb5 27.
Bxb5 Rd8 28. Qe2 Rxd1+ 29. Qxd1 Ng6 30. Qc2 h6 31. Bd4 Qd8 32. h3 Nd7 33. Nd2
Nge5 34. Ne4 Qe7 35. Qc7 f5 {(=)} 36. Bxe5 fxe4 37. Bxd7 Kh8 38. Bb5 Qf8 39.
Qc4 Qf5 40. Qd4 Qg6 41. Bc6 Rc8 42. Bxe4 Qf7 43. Bd3 Rc1+ 44. Kh2 Rc8 45. Qe4
Qg8 46. Qf4 Rf8 47. Qxh6+ 1-0

[Event "Hastings Masters"]
[Site "Hastings"]
[Date "2007.01.03"]
[Round "7.44"]
[White "Goldsworthy, Patrick"]
[Black "O'Toole, George"]
[Result "1-0"]
[WhiteElo "1936"]
[BlackElo "1935"]
[PlyCount "58"]
[EventDate "2006.12.28"]
[SourceDate "2006.12.28"]

1. Nf3 Nf6 2. c4 e6 3. g3 d5 4. Bg2 Be7 5. O-O O-O 6. b3 Ne4 7. Bb2 c5 8. d3
Bf6 9. Qc2 Bxb2 10. Qxb2 Nf6 11. Nbd2 Nc6 12. a3 a5 13. cxd5 exd5 14. d4 b6 15.
Rac1 Qe7 16. e3 Bb7 17. Rc2 Nd7 18. Nb1 Ba6 19. Rd1 c4 20. bxc4 Bxc4 21. Nfd2
Rac8 22. Nxc4 dxc4 23. Rxc4 Ncb8 24. Rdc1 Rxc4 25. Rxc4 Qe6 26. Nd2 Nf6 27. Rc1
Nbd7 28. Rc6 Qf5 29. Nc4 Qd3 1-0

[Event "Hastings Masters"]
[Site "Hastings"]
[Date "2007.01.03"]
[Round "7.45"]
[White "Snowden, James"]
[Black "Messam-Sparks, Lateefah"]
[Result "1-0"]
[WhiteElo "1903"]
[BlackElo "1560"]
[PlyCount "82"]
[EventDate "2006.12.28"]
[SourceDate "2006.12.28"]

1. e4 c5 2. Nf3 d6 3. d4 cxd4 4. Nxd4 Nf6 5. Nc3 g6 6. Be3 Bg7 7. f3 Bd7 8. Qd2
Nc6 9. O-O-O Nxd4 10. Bxd4 O-O 11. g4 a6 12. h4 b5 13. h5 Qa5 14. Kb1 Rfb8 15.
hxg6 hxg6 16. Qh2 Be6 17. Be2 Bc4 18. f4 b4 19. Bxf6 exf6 20. Bxc4 bxc3 21. Bb3
cxb2 22. Rxd6 Rd8 23. Rxf6 Rd7 24. Rxg6 Kf8 25. Rxg7 Rad8 26. Qh8+ Ke7 27.
Rxf7+ Kd6 28. Qf6+ Kc7 29. Rxd7+ Rxd7 30. Qe5+ Qxe5 31. fxe5 Re7 32. e6 Kd6 33.
g5 Rg7 34. Rg1 Ke5 35. Kxb2 Kxe4 36. Re1+ Kf5 37. e7 Kxg5 38. Rg1+ Kf6 39. Rxg7
Kxg7 40. e8=Q Kf6 41. Qe6+ Kg5 1-0